Sports Quiz

Random Sports or Hockey Quiz

NHL Original Six Quiz Stats

 Plays Quiz Updated Jul 18, 2019

     
Support Sporcle.
Go Orange.
Score 0/6 Timer 01:30
1 Play Today
Team % Correct
Boston Bruins
91.4%
Montreal Canadiens
90.8%
New York Rangers
89.7%
Detroit Red Wings
88.5%
Toronto Maple Leafs
88.2%
Chicago Blackhawks
86.4%

From the Vault

Words of the Year

by Kicking222

In 2009 we are really pushing for "Sporcling" as the word of the year...fingers crossed!
Remove Ads.
Support Sporcle.
Get the best of Sporcle when you Go Orange. This ad-free experience offers more features, more stats, and more fun while also helping to support Sporcle. Thank you for becoming a member.

Show Comments

Extras

Top Quizzes Today


Score Distribution

Your Account Isn't Verified!

In order to create a playlist on Sporcle, you need to verify the email address you used during registration. Go to your Sporcle Settings to finish the process.

Report this User

Report this user for behavior that violates our Community Guidelines.

Details: